| 000 | 00428nam a2200193Ia 4500 | ||
|---|---|---|---|
| 005 | 20250603145155.0 | ||
| 008 | 250603s9999 xx 000 0 und d | ||
| 020 | _a9780750650304 | ||
| 050 | _aTK 5103.59 .C75/ | ||
| 100 | _aCrisp, John | ||
| 245 | 0 | _aIntroduction to fiber optics | |
| 250 | _a3rd ed. | ||
| 260 | _aOxford | ||
| 260 | _bNewnes | ||
| 260 | _c2021 | ||
| 300 | _a230 p | ||
| 650 | _aOxford | ||
| 942 | _cBK | ||
| 999 |
_c41093 _d41093 |
||